Prof. G Ram Reddy Library

Urban space and cityscapes (Record no. 97815)

MARC details
000 -LEADER
fixed length control field 00638nam a2200205Ia 4500
003 - CONTROL NUMBER IDENTIFIER
control field LDD
008 - FIXED-LENGTH DATA ELEMENTS--GENERAL INFORMATION
fixed length control field 181029s9999 xx 000 0 und d
020 ## - INTERNATIONAL STANDARD BOOK NUMBER
International Standard Book Number 9780415366533
Terms of availability P 26.99
040 ## - CATALOGING SOURCE
Transcribing agency LDD
100 ## - MAIN ENTRY--PERSONAL NAME
Personal name Lindner,Christoph
245 #0 - TITLE STATEMENT
Title Urban space and cityscapes
Remainder of title perspectives from modern and contemporary culture
Statement of responsibility, etc. Christoph Lindner
260 ## - PUBLICATION, DISTRIBUTION, ETC.
Place of publication, distribution, etc. London
Name of publisher, distributor, etc. Routledge
Date of publication, distribution, etc. 2006
300 ## - PHYSICAL DESCRIPTION
Extent xviii, 226
365 ## - TRADE PRICE
Price amount P 26.99
440 ## - SERIES STATEMENT/ADDED ENTRY--TITLE
Title Questioning cities series
901 ## - LOCAL DATA ELEMENT A, LDA (RLIN)
a 7647
b 19-09-2011
902 ## - LOCAL DATA ELEMENT B, LDB (RLIN)
a IN21748
b 22-09-2011
c F
d SB
e FTF
903 ## - LOCAL DATA ELEMENT C, LDC (RLIN)
a Discount-15
b Reqst by : Archana Singh
942 ## - ADDED ENTRY ELEMENTS (KOHA)
Source of classification or shelving scheme Dewey Decimal Classification
Koha item type Books
Holdings
Withdrawn status Lost status Source of classification or shelving scheme Damaged status Not for loan Home library Current library Total Checkouts Full call number Barcode Date last seen Cost, replacement price Price effective from Koha item type
No   Dewey Decimal Classification     Library and Documentation Division Library and Documentation Division   307.1216 Ur12 081149 11/01/2018 2037.20 11/01/2018 Books

© Prof. G Ram Reddy Centre Library, Indira Gandhi National Open University, Maidan Garhi, New Delhi, 110068
+91-011-29532797 | FAX+91-011-29533393 |